各都道府県駅乗降客数TOP5(修正版) - Statistics

General Stats
  • This quiz has been taken 253 times
  • The average score is 121 of 235
Answer Stats
ヒント Answer % Correct
北海道1位 札幌|さっぽろ
95%
青森1位 青森
89%
岩手1位 盛岡
87%
宮城1位 仙台|あおば通
87%
青森2位 八戸
86%
秋田1位 秋田
85%
福島1位 郡山
84%
福島2位 福島
84%
埼玉1位 大宮
84%
三重2位
84%
青森4位 新青森
83%
山形1位 山形
83%
茨城3位 水戸
83%
栃木1位 宇都宮
83%
東京1位 新宿
83%
東京2位 渋谷
83%
東京4位 東京|大手町
83%
神奈川1位 横浜
83%
青森3位 弘前
82%
群馬1位 高崎
82%
千葉5位 千葉
82%
新潟1位 新潟
82%
群馬2位 前橋
81%
千葉2位 船橋
81%
東京3位 池袋
81%
石川1位 金沢
81%
福井1位 福井
81%
福島3位 いわき
80%
富山1位 富山
80%
岐阜1位 岐阜
80%
神奈川2位 川崎
79%
山梨1位 甲府
79%
長野1位 長野
79%
愛知1位 名古屋
79%
千葉1位 西船橋
78%
静岡1位 静岡
78%
千葉3位
77%
新潟2位 長岡
77%
静岡2位 浜松
77%
長野2位 松本
76%
京都1位 京都
75%
大阪1位 大阪|梅田|北新地
75%
岩手4位 花巻
74%
茨城4位 つくば
74%
千葉4位 松戸
73%
福井2位 敦賀
73%
滋賀1位 草津
73%
兵庫2位 神戸
73%
和歌山1位 和歌山
73%
茨城5位 土浦
72%
栃木2位 小山
72%
鳥取1位 鳥取
72%
北海道2位 大通
71%
富山2位 高岡
71%
兵庫1位 三ノ宮|三宮
71%
岡山1位 岡山
71%
広島1位 広島
71%
岩手2位 一ノ関
70%
愛知2位 金山
70%
島根1位 松江
70%
茨城2位 取手
69%
岐阜2位 大垣
69%
静岡3位 三島
69%
大阪4位 新大阪
69%
奈良1位 王寺
69%
岡山2位 倉敷
69%
山口1位 下関
69%
愛知5位 豊橋
68%
香川1位 高松
68%
山形2位 米沢
67%
群馬3位 伊勢崎
67%
埼玉5位 川越|本川越|川越市
67%
神奈川4位 新横浜
67%
石川4位 小松
67%
静岡5位 熱海
67%
三重1位 近鉄四日市|あすなろう四日市
67%
徳島1位 徳島
67%
愛媛2位 松山
67%
福岡1位 博多
67%
岩手3位 北上
66%
秋田2位 大曲
66%
山梨2位 大月
66%
愛知3位
66%
大阪2位 難波|なんば
66%
大阪3位 天王寺|大阪阿部野橋
66%
兵庫3位 姫路
66%
広島2位 福山
66%
栃木3位 栃木
65%
神奈川3位 武蔵小杉
65%
長野4位 上田
65%
鳥取2位 米子
65%
山口2位 新山口
65%
静岡4位 沼津
64%
三重3位 桑名|西桑名
64%
高知1位 高知
64%
北海道3位 新札幌|新さっぽろ
63%
群馬5位 太田
63%
奈良2位 近鉄奈良
63%
島根2位 出雲市
63%
長崎1位 長崎
63%
福岡4位 小倉
62%
熊本1位 熊本
62%
東京5位 北千住
61%
佐賀1位 佐賀
61%
大分1位 大分
61%
茨城1位 守谷
60%
富山5位 新高岡
59%
埼玉2位 和光市
58%
大阪5位 京橋
58%
鹿児島1位 鹿児島中央
58%
和歌山2位 和歌山市
57%
宮崎1位 宮崎
57%
秋田5位 横手
56%
福井3位 鯖江
56%
兵庫4位 明石
56%
福岡2位 天神|西鉄福岡|天神南
56%
福島4位 新白河
55%
栃木4位 佐野
55%
栃木5位 那須塩原
55%
群馬4位 新前橋
55%
埼玉3位 朝霞台|北朝霞
55%
三重5位 松阪
55%
滋賀2位 南草津
55%
京都2位 四条|烏丸
55%
愛媛1位 松山市
55%
神奈川5位 藤沢
53%
新潟5位 新津
53%
京都5位 山科
53%
和歌山3位 橋本
53%
鳥取3位 倉吉
53%
岡山4位 新倉敷
53%
山口4位 岩国
53%
大分2位 別府
53%
奈良5位 生駒
52%
長崎3位 佐世保
52%
埼玉4位 南越谷|新越谷
51%
福井4位 武生|たけふ新
50%
長野5位 軽井沢
50%
京都3位 祇園四条|京都河原町
50%
奈良4位 大和西大寺
50%
愛媛5位 今治
50%
山口5位 新下関
49%
香川5位 丸亀
49%
佐賀2位 鳥栖
49%
北海道5位 すすきの|豊水すすきの
48%
山梨3位 上野原
48%
宮城5位 名取
47%
山口3位 徳山
47%
香川4位 坂出
47%
福井5位 芦原温泉
45%
岐阜3位 多治見
45%
滋賀3位 石山
45%
長崎2位 諫早
45%
沖縄1位 那覇空港
45%
宮城3位 長町
43%
兵庫5位 新神戸
43%
佐賀4位 唐津
43%
滋賀5位 守山
41%
島根5位 安来
41%
大分3位 中津
41%
山形3位 北山形
40%
山形4位 さくらんぼ東根
39%
富山4位 魚津
39%
山形5位 赤湯
38%
愛知4位 大曽根
38%
広島4位 横川
38%
宮崎5位 延岡
38%
新潟4位 白山
37%
石川2位 津幡
37%
石川5位 西金沢|新西金沢
37%
長野3位 篠ノ井
37%
青森5位 五所川原|津軽五所川原
36%
石川3位 松任
35%
山梨4位 石和温泉
35%
徳島2位 阿南
35%
佐賀5位 武雄温泉
35%
山梨5位 韮崎
34%
沖縄2位 県庁前
34%
宮城2位 泉中央
33%
奈良3位 学園前
33%
高知3位 後免
33%
鹿児島5位 川内
32%
宮崎2位 南宮崎
31%
岐阜4位 鵜沼
30%
秋田3位 土崎
29%
鳥取4位 鳥取大学前
29%
香川2位 瓦町
29%
福岡3位 姪浜
29%
秋田4位 羽後本荘
28%
岐阜5位 西岐阜
27%
滋賀4位 瀬田
27%
和歌山5位 紀伊
27%
香川3位 高松築港
25%
新潟3位 亀田
24%
長崎4位 浦上
24%
熊本3位 上熊本
24%
富山3位 小杉
23%
岩手5位 矢幅
22%
熊本2位 新水前寺
22%
京都4位 竹田
21%
広島5位 西広島|己斐
21%
鹿児島4位 国分
19%
宮崎3位 日向市
17%
沖縄3位 おもろまち
17%
北海道4位 麻生|新琴似
16%
三重4位 近鉄富田
15%
島根4位 松江しんじ湖温泉
15%
徳島4位 佐古
15%
高知5位 土佐山田
15%
福岡5位 薬院
15%
和歌山4位 和歌山大学前
14%
宮城4位 勾当台公園
13%
岡山3位 中庄
13%
岡山5位 北長瀬
12%
徳島3位 勝瑞
12%
鳥取5位 智頭
11%
高知2位 はりまや橋
11%
佐賀3位 基山
11%
大分5位 鶴崎
11%
鹿児島3位 谷山
11%
徳島5位 石井
9%
高知4位 朝倉
9%
福島5位 金谷川
8%
広島3位 本通
8%
愛媛3位 大街道
7%
愛媛4位 古町
7%
宮崎4位 佐土原
7%
沖縄4位 旭橋
7%
島根3位 乃木
6%
沖縄5位 小禄
6%
鹿児島2位 郡元
5%
大分4位 大在
4%
長崎5位 新地中華街
1%
熊本4位 通町筋
0%
熊本5位 健軍町
0%
No matching quizzes found
Score Distribution
Percent of People with Each Score
Percentile by Number Answered
Your Score History
You have not taken this quiz